Cricket Post Covid An Emotional Journey Of A Cricket Fan (Record no. 67893)
[ view plain ]
| 000 -LEADER | |
|---|---|
| fixed length control field | 00292nam a22001097a 4500 |
| 082 ## - DEWEY DECIMAL CLASSIFICATION NUMBER | |
| Classification number | 796/BIJ |
| 100 ## - MAIN ENTRY--AUTHOR NAME | |
| Personal name | Bijoy,Vibhor |
| 245 ## - TITLE STATEMENT | |
| Title | Cricket Post Covid An Emotional Journey Of A Cricket Fan |
| 260 ## - PUBLICATION, DISTRIBUTION, ETC. (IMPRINT) | |
| Place of publication | Rajasthan |
| Name of publisher | Holistic Publishing |
| Year of publication | 2024 |
| 650 ## - SUBJECT ADDED ENTRY--TOPICAL TERM | |
| Topical Term | Cricket |
| 942 ## - ADDED ENTRY ELEMENTS (KOHA) | |
| Koha item type | Books |
| Withdrawn status | Lost status | Damaged status | Not for loan | Home library | Current library | Date acquired | Cost, normal purchase price | Full call number | Accession Number | Price effective from | Koha item type |
|---|---|---|---|---|---|---|---|---|---|---|---|
| MACL | MACL | 16/04/2025 | 200.00 | 796/BIJ | DPI003529 | 16/04/2025 | Books | ||||
| MACL | MACL | 16/04/2025 | 200.00 | 796/BIJ | DPI003528 | 16/04/2025 | Books |









